000 00999nas a2200325 4500
001 BR2011004908
003 BR-BrBNA
005 20231205115111.0
007 ta
008 230509b bl.|||p| |||| 00| 00por d
040 _aBR-BrBNA
_bpor
_cBiblioteca Nacional de Agricultura
041 _a(Pt)
072 _aL02; L51
100 1 _aLeite, P.R. de S. da C.
100 1 _aLeandro, N.S.M.
100 1 _aStringhini, J.H.
100 1 _aCafé, M.B.
100 1 _aGomes, N.A.
100 1 _aJardim Filho, R. de M.
245 1 _aDesempenho de frangos de corte e digestibilidade de rações com sorgo ou milheto e complexo enzimático
650 _aFRANGO DE CORTE
650 _aRAÇÃO
650 _aCONVERSÃO ALIMENTAR
650 _aSORGO
650 _aMILHETO
650 _aDIGESTIBILIDADE
773 0 _tPesquisa Agropecuária Brasileira (Brazil)
_xISSN 0100-204X
_g(Mar 2011), v. 46(3) p. 280-286
_wBR2011004908
909 _a202311
_bLúcia
_c55
_dLúcia Elande
942 _2AGRIS
_n0
_cANA
999 _c212069
_d212069